[Event "World op 50th"]
[Site "Philadelphia"]
[Date "2022.07.01"]
[Round "3"]
[White "Andersen, Gunnar James"]
[Black "Kovalchuk, Igor"]
[Result "0-1"]
[WhiteElo "2236"]
[BlackElo "2040"]
[PlyCount "72"]
[EventDate "2022.06.30"]
[EventType "swiss"]
[EventRounds "9"]
[EventCountry "USA"]
[SourceTitle "CBM 209 Extra"]
[Source "ChessBase"]
[SourceDate "2022.09.30"]
[SourceVersion "1"]
[SourceVersionDate "2022.09.30"]
[SourceQuality "1"]

1. e4 g6 2. d4 Nf6 3. e5 Nh5 4. Be2 d6 5. f4 Ng7 6. Nf3 Bg4 7. c3 c6 8. Nbd2 Nf5 9. Qb3 Qb6 10. Nc4 Qc7 11. 0-0 d5 12. Ne3 Nxe3 13. Bxe3 e6 14. c4 dxc4 15. Bxc4 Nd7 16. Ng5 Nb6 17. h3 Nxc4 18. Qxc4 Bf5 19. g4 h6 20. gxf5 hxg5 21. fxg6 Rxh3 22. gxf7+ Qxf7 23. fxg5 Qh5 24. Qxe6+ Be7 25. Bf4 Rd8 26. Kg2 Rh4 27. Rad1 Qe2+ 28. Rf2 Qxd1 29. Kg3 Rh1 30. g6 Rxd4 31. Qg8+ Bf8 32. Qf7+ Kd8 33. Bg5+ Kc8 34. Qxf8+ Kc7 35. Qf7+ Kb6 36. Qf5 Rg4+ 0-1

[Event "Swidnica op-B"]
[Site "Swidnica"]
[Date "2000.??.??"]
[Round "10"]
[White "Drelinkiewicz, Tadeusz"]
[Black "Kovalchuk, Igor"]
[Result "0-1"]
[WhiteElo "2125"]
[BlackElo "2175"]
[PlyCount "70"]
[EventDate "2000.07.??"]
[EventType "swiss"]
[EventRounds "10"]
[EventCountry "POL"]
[SourceTitle "EXT 2003"]
[Source "ChessBase"]
[SourceDate "2002.11.25"]
[SourceVersion "1"]
[SourceVersionDate "2002.11.25"]
[SourceQuality "1"]

1. e4 c5 2. Nc3 Nc6 3. Nge2 e6 4. g3 h5 5. h4 e5 6. Nd5 d6 7. Nec3 Nf6 8. Nxf6+ Qxf6 9. Nd5 Qd8 10. Be2 g6 11. d3 Be7 12. c3 Be6 13. Bf3 Qd7 14. Bg5 Bxg5 15. hxg5 0-0-0 16. Nf6 Qc7 17. Qa4 Kb8 18. 0-0-0 Qe7 19. Kb1 Ka8 20. Bg2 Rb8 21. f4 b5 22. Qc2 b4 23. f5 b3 24. axb3 Bxb3 25. Qd2 Qc7 26. c4 Rb4 27. Qc3 Ne7 28. d4 Qa5 29. dxe5 Qa2+ 30. Kc1 Rxc4 31. Kd2 Rxc3 32. Kxc3 Bxd1 33. Rxd1 dxe5 34. Nd7 Qa5+ 35. Kc2 Nc6 0-1